| 000 | 00342nam a22001457a 4500 | ||
|---|---|---|---|
| 008 | 250417b ||||| |||| 00| 0 eng d | ||
| 020 | _a9789951057653 | ||
| 041 | _aSHQIP | ||
| 080 |
_22023 _a82ORW |
||
| 082 |
_282ORW _a82ORW |
||
| 100 | _a01 | ||
| 101 | _aGJUHE DHE LETERSI | ||
| 245 |
_aFERMA E KAFSHEVE _cGEORGE ORWELL |
||
| 942 |
_2udc _cBK |
||
| 999 |
_c60653 _d60653 |
||